LEADER 01396nam 2200349Ia 450 001 996393465903316 005 20221107141559.0 035 $a(CKB)4940000000119211 035 $a(EEBO)2240876838 035 $a(OCoLC)47683485 035 $a(EXLCZ)994940000000119211 100 $a20010731d1654 uy 0 101 0 $aeng 135 $aurbn||||a|bb| 200 14$aThe foundation of Christian religion, gathered into six principles$b[electronic resource] $eAnd it is to be learned of ignorant people, that they may be fit to heare sermons with profit, and to receive the Lords Supper with comfort 210 $aLondon, $cPrinted by John Legatt, and are to be sold by Richard Tomlins ...$d1654 215 $a[8], 39 p 300 $aPrinter's devices: McK. 326 on t.p., McK 325 on C?v, variant of McK. 379 at end of preface; headpieces, initials. 300 $aImperfect: tightly bound, with loss of print. 300 $aReproduction of original in: Eton College. Library. 330 $aeebo-0050 606 $aCatechisms, English 606 $aTheology, Doctrinal 615 0$aCatechisms, English. 615 0$aTheology, Doctrinal. 700 $aPerkins$b William$f1558-1602.$0941563 801 0$bEAE 801 1$bEAE 906 $aBOOK 912 $a996393465903316 996 $aThe foundation of Christian religion gathered into six principles$92303701 997 $aUNISA LEADER 01565nam0 22003251i 450 001 UON00504249 005 20231205105428.673 010 $a978-17-88116-72-5 100 $a20210107d2019 |0itac50 ba 101 $aeng 102 $aGB 105 $a|||| ||||| 200 1 $aˆA ‰model for Islamic development$ean approach in Islamic moral economy$fShafiullah Jan, Mehmet Asutay 210 $aCheltenham, UK ; Northampton, MA$cEdward Elgar Publishing$d[2019] 215 $aix, 226 pages$cill.$d24 cm 410 1$1001UON00505357$12001 $aStudies in Islamic finance, accounting and governance$1210 $aCheltenham, UK ; Northampton, MA$cEdward Elgar Publishing 606 $aEconomia$xAspetti religiosi$xIslam$3UONC093160$2FI 606 $aSviluppo economico$xPaesi islamici$3UONC097851$2FI 620 $aGB$dCheltenham$3UONL000225 676 $a297.273$cIslam - Economia$v22 700 1$aJan$bShafiullah$3UONV284957$0792058 701 1$aAsutay$bMehmet$3UONV284958$0792059 712 $aEdward Elgar$3UONV275113$4650 801 $aIT$bSOL$c20250606$gRICA 899 $aSIBA - SISTEMA BIBLIOTECARIO DI ATENEO$2UONSI 912 $aUON00504249 950 $aSIBA - SISTEMA BIBLIOTECARIO DI ATENEO$dSI XII 147 $eSI 36701 5 147 951 $aSIBA - SISTEMA BIBLIOTECARIO DI ATENEO$bSI202149 1J 20210107 996 $aModel for Islamic development$91771049 997 $aUNIOR